和歌山県の戦前市制・町制 - Statistics

General Stats
  • This quiz has been taken 103 times
  • The average score is 28 of 40
Answer Stats
施行日 施行内容 所属郡 回答 % Correct
1889.04.01 市制 (市) 和歌山市
98%
1942.05.20 市制 (市) 田辺市
98%
1928.11.01 町制 伊都郡 高野町
96%
1889.04.01 町制 西牟婁郡 田辺町
94%
1889.04.01 町制 東牟婁郡 新宮町
94%
1894.05.10 町制 伊都郡 橋本町
94%
1897.02.01 町制 日高郡 御坊町
94%
1934.05.01 市制 (市) 海南市
94%
1896.06.22 町制 有田郡 湯浅町
92%
1908.08.01 町制 那賀郡 岩出町
92%
1924.02.11 町制 西牟婁郡 周参見町
92%
1933.10.01 市制 (市) 新宮市
92%
1897.11.12 町制 西牟婁郡 串本町
90%
1940.03.01 町制 西牟婁郡 白浜町
90%
1901.03.20 町制 東牟婁郡 古座町
88%
1908.05.01 町制 東牟婁郡 勝浦町
88%
1897.09.11 町制 日高郡 南部町
83%
1925.04.01 町制 東牟婁郡 太地町
83%
1934.08.01 町制 東牟婁郡 那智町
83%
1894.05.10 町制 那賀郡 粉河町
81%
1899.04.01 町制 海草郡 加太町
73%
1900.04.16 町制 日高郡 印南町
73%
1910.09.01 町制 伊都郡 九度山町
73%
1901.03.16 町制 有田郡 箕島町
71%
1910.09.01 町制 伊都郡 高野口町
71%
1909.09.01 町制 伊都郡 妙寺町
56%
1899.03.16 町制 海草郡 和歌浦町
50%
1938.06.01 町制 海草郡 下津町
48%
1921.02.11 町制 海草郡 内海町
46%
1924.02.11 町制 西牟婁郡 日置町
46%
1935.06.01 町制 東牟婁郡 西向町
46%
1896.04.01 町制 海草郡 日方町
42%
1896.07.07 町制 海草郡 黒江町
42%
1935.02.11 町制 海草郡 紀三井寺町
42%
1914.04.10 町制 那賀郡 名手町
40%
1927.01.01 町制 那賀郡 東野上町
40%
1907.06.01 町制 東牟婁郡 三輪崎町
35%
1920.06.01 町制 伊都郡 笠田町
33%
1900.12.17 町制 東牟婁郡 高池町
31%
1925.04.01 町制 東牟婁郡 下里町
23%
No matching quizzes found
Score Distribution
Percent of People with Each Score
Percentile by Number Answered
Your Score History
You have not taken this quiz